| 000 | 00394nam a2200097Ia 4500 | ||
|---|---|---|---|
| 008 | 180130s9999 xx 000 0 und d | ||
| 245 |
_cDai, Wei; Bassiouni, Mostafa _aAn improved task assignment scheme for Hadoop running in the clouds |
||
| 260 | _c2016 | ||
| 300 | _aBook title: Networking, models and methods of cloud computing--Acession number C20732; pages 138-153 | ||
| 650 | _aCLOUD COMPUTING | ||
| 999 |
_c353800 _d353800 |
||